[Event "13. KUP SS OBZ"]
[Site "Valpovo"]
[Date "2020.02.22"]
[Round "2.3"]
[White "Topalic, Fran"]
[Black "Horjan, Filip"]
[Result "1-0"]
[WhiteElo "1756"]
[BlackElo "1084"]
[PlyCount "87"]
[EventDate "2020.02.21"]
[WhiteTeam "ŠK FERIT-OSIJEK II, Osijek"]
[BlackTeam "ŠK ĐAKOVO LIM-MONT III, Đakovo"]

1. e4 e6 2. Nf3 d5 3. Nc3 Nf6 4. exd5 exd5 5. d4 c5 6. Bb5+ Bd7 7. Bxd7+ Nbxd7
8. dxc5 Nxc5 9. O-O Be7 10. Bg5 O-O 11. Bxf6 Bxf6 12. Nxd5 Bxb2 13. Rb1 Ba3 14.
c4 b6 15. Re1 Re8 16. Rxe8+ Qxe8 17. Nc7 Qd8 18. Nxa8 Qxa8 19. Nd4 Ne6 20. Nxe6
fxe6 21. Qd3 Bc5 22. Re1 Qf8 23. Re2 Qf6 24. g3 h5 25. Qe4 Kh8 26. Kg2 Qf5 27.
Qxe6 Qxe6 28. Rxe6 Kh7 29. f4 a6 30. h3 Kg8 31. g4 h4 32. Kf3 Kf7 33. Rc6 a5
34. f5 g5 35. Ke4 Bf2 36. Rg6 a4 37. Rxg5 Kf6 38. Rg6+ Kf7 39. Rc6 a3 40. g5
Bc5 41. Rc7+ Ke8 42. f6 Kf8 43. g6 Ke8 44. g7 1-0

[Event "13. KUP SS OBZ"]
[Site "Valpovo"]
[Date "2020.02.22"]
[Round "2.4"]
[White "Drmic, Bozo"]
[Black "Mican, Mato"]
[Result "1-0"]
[WhiteElo "1953"]
[BlackElo "2032"]
[PlyCount "71"]
[EventDate "2020.02.21"]
[WhiteTeam "ŠK VIŠNJEVAC, Višnjevac"]
[BlackTeam "ŠK ĐAKOVO LIM-MONT II, Đakovo"]

1. e4 e5 2. Nf3 Nc6 3. Bb5 a6 4. Ba4 Bc5 5. c3 b5 6. Bb3 d6 7. d4 exd4 8. cxd4
Bb4+ 9. Nc3 Bg4 10. O-O h6 11. Nd5 Ba5 12. Be3 Nge7 13. Rc1 O-O 14. h3 Bh5 15.
Nf4 Bxf3 16. Qxf3 Qe8 17. Nh5 Kh7 18. Qg3 Rg8 19. Bc2 f5 20. Qf3 Rf8 21. exf5
Nb4 22. Bb1 Nbd5 23. Qg4 g5 24. f6+ Ng6 25. Qf3 Qf7 26. Be4 Nxe3 27. fxe3 Rad8
28. Bd5 Qd7 29. f7 Qe7 30. e4 Bb6 31. Rcd1 c5 32. Nf6+ Kg7 33. Ng8 Qd7 34. Qh5
Rxg8 35. fxg8=Q+ Rxg8 36. Bxg8 1-0

[Event "13. KUP SS OBZ"]
[Site "Valpovo"]
[Date "2020.02.22"]
[Round "3.1"]
[White "Grandic, Zvjezdan"]
[Black "Jeszenszky, Jozsef"]
[Result "1/2-1/2"]
[WhiteElo "2176"]
[BlackElo "2117"]
[PlyCount "38"]
[EventDate "2020.02.21"]
[WhiteTeam "ŠK SLAVONAC, Našice"]
[BlackTeam "ŠK DONJI MIHOLJAC, Donji Miholjac"]

1. e4 e6 2. d4 d5 3. Bd3 dxe4 4. Bxe4 Nf6 5. Bf3 c6 6. Ne2 h6 7. Ng3 Bd6 8. c4
O-O 9. O-O e5 10. d5 cxd5 11. cxd5 Na6 12. Nc3 Qd7 13. Be2 Nc7 14. Bc4 Rd8 15.
Qf3 Bb4 16. d6 Bxd6 17. Bxh6 Qg4 18. Qxg4 Bxg4 19. Bg5 Be6 1/2-1/2

[Event "13. KUP SS OBZ"]
[Site "Valpovo"]
[Date "2020.02.22"]
[Round "3.1"]
[White "Roklicer, Heike"]
[Black "Dutina, Dario"]
[Result "1/2-1/2"]
[WhiteElo "2020"]
[BlackElo "2228"]
[PlyCount "44"]
[EventDate "2020.02.21"]
[WhiteTeam "ŠK DONJI MIHOLJAC, Donji Miholjac"]
[BlackTeam "ŠK SLAVONAC, Našice"]

1. d4 e6 2. c4 b6 3. Nc3 Bb7 4. Nf3 f5 5. g3 Nf6 6. Bg2 Bb4 7. O-O Bxc3 8. bxc3
O-O 9. Nd2 Bxg2 10. Kxg2 d6 11. Qc2 Nbd7 12. e4 fxe4 13. Nxe4 Nxe4 14. Qxe4 e5
15. Be3 Nf6 16. Qh4 Qd7 17. a4 a5 18. Bg5 Qf5 19. Rae1 Nd7 20. Qh3 Qf3+ 21. Kg1
Rf7 22. Qg2 Raf8 1/2-1/2

[Event "13. KUP SS OBZ"]
[Site "Valpovo"]
[Date "2020.02.22"]
[Round "3.1"]
[White "Leakovic, Ivica"]
[Black "Sos, Fran"]
[Result "1/2-1/2"]
[WhiteElo "2139"]
[BlackElo "1990"]
[PlyCount "50"]
[EventDate "2020.02.21"]
[WhiteTeam "ŠK SLAVONAC, Našice"]
[BlackTeam "ŠK DONJI MIHOLJAC, Donji Miholjac"]

1. Nf3 Nf6 2. d4 c5 3. c3 g6 4. dxc5 Qc7 5. Qd4 Nc6 6. Qh4 Bg7 7. Bf4 Qd8 8.
Bh6 Bxh6 9. Qxh6 d6 10. Ng5 dxc5 11. e3 Bf5 12. Bc4 Ne5 13. Bb5+ Bd7 14. Be2
Qb6 15. b3 O-O-O 16. O-O Be6 17. Na3 Nfg4 18. Qh4 h6 19. Nxf7 g5 20. Qg3 Bxf7
21. Bxg4+ Nxg4 22. Qxg4+ Be6 23. Qe4 Bd5 24. Qe5 Qc6 25. e4 Qe6 1/2-1/2

[Event "13. KUP SS OBZ"]
[Site "Valpovo"]
[Date "2020.02.22"]
[Round "3.1"]
[White "Ronta, Ivan"]
[Black "Miletic, Josip"]
[Result "0-1"]
[WhiteElo "1788"]
[BlackElo "2151"]
[PlyCount "66"]
[EventDate "2020.02.21"]
[WhiteTeam "ŠK DONJI MIHOLJAC, Donji Miholjac"]
[BlackTeam "ŠK SLAVONAC, Našice"]

1. e4 c5 2. Nf3 g6 3. d4 cxd4 4. Qxd4 Nf6 5. e5 Nc6 6. Qa4 Nd5 7. Qe4 Nc7 8.
Nc3 Bg7 9. Bd2 O-O 10. O-O-O a6 11. h4 b5 12. h5 Bb7 13. hxg6 fxg6 14. Bd3 Rf5
15. Qh4 Rh5 16. Qe4 Na5 17. Qb4 Bxf3 18. gxf3 Nc4 19. Bxc4+ bxc4 20. Rxh5 gxh5
21. Qxc4+ Ne6 22. Qh4 Qe8 23. Rg1 Kh8 24. f4 Qf7 25. Ne4 Nd4 26. Nc3 Qf5 27.
Kb1 Qxc2+ 28. Ka1 Qxd2 29. Rd1 Nc2+ 30. Kb1 Na3+ 31. Ka1 Qc2 32. Qxe7 Qb1+ 33.
Rxb1 Nc2# 0-1

[Event "13. KUP SS OBZ"]
[Site "Valpovo"]
[Date "2020.02.22"]
[Round "3.2"]
[White "Borzan, Andrej"]
[Black "Berke, Ana"]
[Result "1-0"]
[WhiteElo "1970"]
[BlackElo "2113"]
[PlyCount "91"]
[EventDate "2020.02.21"]
[WhiteTeam "ŠK FERIT-OSIJEK II, Osijek"]
[BlackTeam "ŠK BELIŠĆE, Belišće"]

1. d4 d5 2. c4 e6 3. Nc3 a6 4. cxd5 exd5 5. Nf3 c6 6. Bf4 Bd6 7. Bxd6 Qxd6 8.
e3 Ne7 9. Bd3 Bg4 10. h3 Bh5 11. O-O f5 12. Be2 Bxf3 13. Bxf3 Nd7 14. Rc1 b5
15. Ne2 O-O 16. Nf4 Kh8 17. Qb3 Rg8 18. Nd3 g5 19. g4 h5 20. Kg2 Ng6 21. Qd1
fxg4 22. hxg4 Raf8 23. Kg1 Rf7 24. Bg2 Rh7 25. f4 gxf4 26. exf4 hxg4 27. Ne5
Ngxe5 28. dxe5 Qh6 29. Qd4 Qh2+ 30. Kf2 g3+ 31. Kf3 Qh5+ 32. Ke3 c5 33. Qxd5
Nf6 34. Qd6 Ng4+ 35. Kd3 Nf2+ 36. Kc3 Qf5 37. Rce1 Qxf4 38. Qxc5 Qf5 39. Qd4
Rc8+ 40. Kb3 Qc2+ 41. Ka3 b4+ 42. Qxb4 a5 43. Qd4 Rc4 44. Qd8+ Kg7 45. Qf6+ Kg8
46. Bd5+ 1-0

[Event "13. KUP SS OBZ"]
[Site "Valpovo"]
[Date "2020.02.22"]
[Round "3.2"]
[White "Basrak, Srdjan"]
[Black "Topalic, Fran"]
[Result "1-0"]
[WhiteElo "2210"]
[BlackElo "1756"]
[PlyCount "41"]
[EventDate "2020.02.21"]
[WhiteTeam "ŠK BELIŠĆE, Belišće"]
[BlackTeam "ŠK FERIT-OSIJEK II, Osijek"]

1. e4 e5 2. f4 exf4 3. Nf3 Nc6 4. Bc4 d6 5. d4 Be7 6. Bxf4 Nf6 7. Nc3 O-O 8.
Qd2 a6 9. O-O-O b5 10. Bd3 Nb4 11. h3 Nxd3+ 12. Qxd3 c5 13. dxc5 dxc5 14. Qe3
Qb6 15. e5 Nh5 16. Nd5 Qb7 17. Bg5 f6 18. Bh4 c4 19. g4 Rd8 20. Nxe7+ Qxe7 21.
Rxd8+ 1-0

[Event "13. KUP SS OBZ"]
[Site "Valpovo"]
[Date "2020.02.22"]
[Round "3.2"]
[White "Matota, Dominik"]
[Black "Huis, Dinko"]
[Result "0-1"]
[WhiteElo "1776"]
[BlackElo "2145"]
[PlyCount "49"]
[EventDate "2020.02.21"]
[WhiteTeam "ŠK FERIT-OSIJEK II, Osijek"]
[BlackTeam "ŠK BELIŠĆE, Belišće"]

1. e4 c5 2. Nf3 d6 3. d4 cxd4 4. Nxd4 Nf6 5. Nc3 a6 6. Be2 e5 7. Nb3 Be7 8. f3
Be6 9. Be3 O-O 10. g4 Nbd7 11. h4 Nb6 12. h5 Nfd7 13. Rh2 Bh4+ 14. Bf2 Bxf2+
15. Rxf2 Nf6 16. Qd2 d5 17. exd5 Nfxd5 18. O-O-O Qc7 19. Nxd5 Nxd5 20. Bd3 Rac8
21. Kb1 Nf4 22. Qe3 Rfd8 23. Rfd2 Nxd3 24. Rxd3 Qxc2+ 25. Ka1 0-1

[Event "13. KUP SS OBZ"]
[Site "Valpovo"]
[Date "2020.02.22"]
[Round "3.2"]
[White "Marjancevic, Slavko"]
[Black "Borzan, Matej"]
[Result "1-0"]
[WhiteElo "2023"]
[BlackElo "1671"]
[PlyCount "47"]
[EventDate "2020.02.21"]
[WhiteTeam "ŠK BELIŠĆE, Belišće"]
[BlackTeam "ŠK FERIT-OSIJEK II, Osijek"]

1. e4 d6 2. d4 Nf6 3. Nc3 g6 4. Bc4 Bg7 5. Nge2 O-O 6. O-O Nxe4 7. Bxf7+ Rxf7
8. Nxe4 Nc6 9. Ng5 Rf8 10. d5 h6 11. dxc6 hxg5 12. Qd5+ e6 13. cxb7 Bxb7 14.
Qxb7 Rb8 15. Qe4 Qf6 16. c3 Kf7 17. Nd4 Rh8 18. Qf3 Rh5 19. Qxf6+ Bxf6 20. f3
Rh4 21. Nc2 Rbh8 22. Ne3 d5 23. Ng4 Bg7 24. Re1 1-0

[Event "13. KUP SS OBZ"]
[Site "Valpovo"]
[Date "2020.02.22"]
[Round "3.3"]
[White "Mican, Mato"]
[Black "Bosnjak, Nino"]
[Result "0-1"]
[WhiteElo "2032"]
[BlackElo "2252"]
[PlyCount "60"]
[EventDate "2020.02.21"]
[WhiteTeam "ŠK ĐAKOVO LIM-MONT II, Đakovo"]
[BlackTeam "ŠK HRVATSKA ČITAONICA, Valpovo"]

1. e4 c6 2. d4 d5 3. Nc3 dxe4 4. Nxe4 Bf5 5. Ng3 Bg6 6. h4 h6 7. Nf3 Nd7 8. Be2
e6 9. h5 Bh7 10. Bf4 Qb6 11. O-O Ngf6 12. Bd3 Bxd3 13. Qxd3 Nd5 14. Bd2 Be7 15.
Rfe1 O-O 16. a3 a5 17. c4 Qa6 18. Qc2 N5b6 19. Rac1 a4 20. Nf5 Bf6 21. Nxh6+
gxh6 22. c5 Bg7 23. Bxh6 Bxh6 24. Rxe6 Bxc1 25. Qxc1 fxe6 26. Qg5+ Kf7 27. Qg6+
Ke7 28. Qg5+ Ke8 29. Qg6+ Kd8 30. Ng5 Rf6 0-1

[Event "13. KUP SS OBZ"]
[Site "Valpovo"]
[Date "2020.02.22"]
[Round "3.3"]
[White "Sucic, Mihael"]
[Black "Skocibusic, Ivo"]
[Result "1-0"]
[WhiteElo "1992"]
[BlackElo "1913"]
[PlyCount "85"]
[EventDate "2020.02.21"]
[WhiteTeam "ŠK HRVATSKA ČITAONICA, Valpovo"]
[BlackTeam "ŠK ĐAKOVO LIM-MONT II, Đakovo"]

1. d4 Nf6 2. c4 g6 3. Nc3 Bg7 4. e4 d6 5. f3 O-O 6. Be3 e5 7. d5 Nh5 8. g4 Nf4
9. Qd2 Qh4+ 10. Bf2 Qe7 11. h4 h6 12. Nge2 Nxe2 13. Bxe2 Nd7 14. Be3 Kh7 15.
O-O-O a6 16. Rdf1 b6 17. Bd3 Nc5 18. g5 h5 19. f4 exf4 20. Rxf4 Nxd3+ 21. Qxd3
Qe5 22. Rhf1 Kg8 23. Qd2 Bh3 24. R1f2 Bg4 25. Ne2 Bxe2 26. Rxe2 Rae8 27. Ref2
Re7 28. Rf1 Rfe8 29. Rd1 Rd7 30. Bd4 Qe7 31. Bf6 Bxf6 32. gxf6 Qe5 33. Rg1 Rc8
34. Rg5 Qe8 35. Rxh5 Qf8 36. Rg4 c6 37. Rh6 cxd5 38. exd5 Rdc7 39. b3 b5 40. h5
bxc4 41. b4 c3 42. Qg5 Qe8 43. Rh8+ 1-0

[Event "13. KUP SS OBZ"]
[Site "Valpovo"]
[Date "2020.02.22"]
[Round "3.3"]
[White "Macanga, Branko"]
[Black "Skelac, Darko"]
[Result "0-1"]
[WhiteElo "1798"]
[BlackElo "2072"]
[PlyCount "106"]
[EventDate "2020.02.21"]
[WhiteTeam "ŠK ĐAKOVO LIM-MONT II, Đakovo"]
[BlackTeam "ŠK HRVATSKA ČITAONICA, Valpovo"]

1. Nf3 Nf6 2. c4 e6 3. g3 d5 4. Bg2 Be7 5. O-O O-O 6. d4 Nbd7 7. Nc3 c6 8. Bd2
Ne4 9. Nxe4 dxe4 10. Ne1 f5 11. e3 Qb6 12. Bc3 Rd8 13. Nc2 Ne5 14. Qe2 Ng6 15.
h4 Bf6 16. f3 exf3 17. Bxf3 Qc7 18. Qg2 Rb8 19. Rac1 e5 20. Rfd1 e4 21. Be2 Be6
22. Be1 Ne7 23. g4 fxg4 24. Bg3 Qd7 25. Bxb8 Rxb8 26. Qg3 Rd8 27. d5 cxd5 28.
cxd5 Bf5 29. Nd4 g6 30. Rc7 Qa4 31. Bc4 Qxd1+ 32. Kg2 Qd2+ 33. Kf1 Qd1+ 34. Qe1
Qxe1+ 35. Kxe1 Bxh4+ 36. Kf1 Nc8 37. d6+ Kh8 38. Nxf5 gxf5 39. d7 Nd6 40. Be6
Kg7 41. Bd5 Kf6 42. Bxb7 Nxb7 43. Rxb7 Ke7 44. Rxa7 Rxd7 45. Ra5 Ke6 46. b4 Rb7
47. b5 Bd8 48. Ra8 Bb6 49. Ra6 Kd5 50. Ke2 h5 51. a4 h4 52. a5 Bxa5 53. Rxa5
Rb6 0-1

[Event "13. KUP SS OBZ"]
[Site "Valpovo"]
[Date "2020.02.22"]
[Round "3.3"]
[White "Martinovic, Josip"]
[Black "Ascic, Jozo"]
[Result "1-0"]
[WhiteElo "1687"]
[BlackElo "1825"]
[PlyCount "33"]
[EventDate "2020.02.21"]
[WhiteTeam "ŠK HRVATSKA ČITAONICA, Valpovo"]
[BlackTeam "ŠK ĐAKOVO LIM-MONT II, Đakovo"]

1. d4 d5 2. c4 c6 3. Nc3 Nf6 4. Nf3 e6 5. Bg5 Be7 6. Qc2 O-O 7. e3 Nbd7 8. Bd3
dxc4 9. Bxc4 h6 10. h4 Nh7 11. Bf4 Ndf6 12. Bd3 h5 13. Ng5 g6 14. Bxg6 fxg6 15.
Qxg6+ Kh8 16. Be5 Qe8 17. Qxh7# 1-0

[Event "13. KUP SS OBZ"]
[Site "Valpovo"]
[Date "2020.02.22"]
[Round "3.4"]
[White "Damjanovic, Stjepan"]
[Black "Domazet, Zvonko"]
[Result "1/2-1/2"]
[WhiteElo "1768"]
[BlackElo "1725"]
[PlyCount "40"]
[EventDate "2020.02.21"]
[WhiteTeam "ŠK AMATER, Strizivojna"]
[BlackTeam "ŠK ĐAKOVO LIM-MONT III, Đakovo"]

1. e4 d6 2. d4 Nf6 3. Nc3 e5 4. dxe5 dxe5 5. Qxd8+ Kxd8 6. Nf3 Bd6 7. Bc4 Ke8
8. Bg5 Nbd7 9. O-O-O a6 10. h3 Rb8 11. Bd5 Nxd5 12. Nxd5 f6 13. Be3 Kf7 14. Nh4
g6 15. g4 h6 16. Rhf1 b5 17. f3 Rb7 18. Rf2 Nc5 19. Nxc7 Nxe4 20. fxe4 Bxc7
1/2-1/2

[Event "13. KUP SS OBZ"]
[Site "Valpovo"]
[Date "2020.02.22"]
[Round "3.4"]
[White "Horjan, Filip"]
[Black "Mandaric, Fran"]
[Result "0-1"]
[WhiteElo "1084"]
[BlackElo "1574"]
[PlyCount "62"]
[EventDate "2020.02.21"]
[WhiteTeam "ŠK ĐAKOVO LIM-MONT III, Đakovo"]
[BlackTeam "ŠK AMATER, Strizivojna"]

1. d4 Nf6 2. g3 e6 3. Bg2 d5 4. Nf3 Be7 5. O-O O-O 6. Re1 b6 7. Bf4 Bb7 8. Nbd2
Nbd7 9. c3 c5 10. Rc1 Re8 11. Nb3 Rc8 12. e3 Nh5 13. Be5 f6 14. Nfd2 fxe5 15.
Qxh5 exd4 16. exd4 Bf6 17. Qg4 e5 18. Bh3 Rc7 19. Nf1 Nf8 20. Ne3 Bc8 21. Nf5
g6 22. Nh6+ Kg7 23. Qf3 Bxh3 24. Ng4 Bxg4 25. Qxg4 c4 26. Nd2 exd4 27. cxd4
Rxe1+ 28. Rxe1 Re7 29. Rxe7+ Qxe7 30. Qf3 Qe1+ 31. Nf1 Bxd4 0-1

[Event "13. KUP SS OBZ"]
[Site "Valpovo"]
[Date "2020.02.23"]
[Round "4.1"]
[White "Bosnjak, Nino"]
[Black "Dutina, Dario"]
[Result "0-1"]
[WhiteElo "2252"]
[BlackElo "2228"]
[PlyCount "70"]
[EventDate "2020.02.21"]
[WhiteTeam "ŠK HRVATSKA ČITAONICA, Valpovo"]
[BlackTeam "ŠK SLAVONAC, Našice"]

1. d4 e6 2. Nf3 d5 3. c4 c6 4. g3 f5 5. Bg2 Nf6 6. O-O Bd6 7. Nc3 O-O 8. Bg5
Nbd7 9. Qc1 Qe7 10. Nh4 Qf7 11. cxd5 Nxd5 12. e4 Nxc3 13. Qxc3 h6 14. Be3 g5
15. Nf3 f4 16. gxf4 Bxf4 17. Qb3 e5 18. d5 c5 19. Rac1 b6 20. Bxf4 Qxf4 21. d6+
Kg7 22. Qd5 Ba6 23. Rfe1 g4 24. Rc3 gxf3 25. Rxf3 Qh4 26. Rg3+ Kh8 27. Ree3
Rae8 28. Qd2 Rf4 29. Bh3 Bc8 30. Bf5 Qf6 31. Qd5 Rxf5 32. exf5 Qxf5 33. Ref3
Qe6 34. Qd2 Bb7 35. Rh3 Rg8+ 0-1

[Event "13. KUP SS OBZ"]
[Site "Valpovo"]
[Date "2020.02.23"]
[Round "4.1"]
[White "Aleksic, Robert"]
[Black "Sucic, Mihael"]
[Result "1/2-1/2"]
[WhiteElo "2148"]
[BlackElo "1992"]
[PlyCount "52"]
[EventDate "2020.02.21"]
[WhiteTeam "ŠK SLAVONAC, Našice"]
[BlackTeam "ŠK HRVATSKA ČITAONICA, Valpovo"]

1. e4 c5 2. Nf3 d6 3. c3 Bg4 4. d4 e5 5. dxe5 Bxf3 6. Qxf3 dxe5 7. Bc4 Nf6 8.
O-O Nbd7 9. Rd1 Qc7 10. Bg5 Be7 11. Nd2 a6 12. a4 Nb6 13. Be2 Rd8 14. a5 Nc8
15. Bxf6 Bxf6 16. Nc4 O-O 17. Ne3 Rxd1+ 18. Bxd1 Ne7 19. Bb3 Nc6 20. Nc4 Rd8
21. g3 h6 22. h4 Re8 23. Qe3 Be7 24. Qf3 Bf6 25. Qe3 Be7 26. Qf3 Bf6 1/2-1/2

[Event "13. KUP SS OBZ"]
[Site "Valpovo"]
[Date "2020.02.23"]
[Round "4.1"]
[White "Miletic, Josip"]
[Black "Safranko, Zeljko"]
[Result "1-0"]
[WhiteElo "2151"]
[BlackElo "1851"]
[PlyCount "125"]
[EventDate "2020.02.21"]
[WhiteTeam "ŠK SLAVONAC, Našice"]
[BlackTeam "ŠK HRVATSKA ČITAONICA, Valpovo"]

1. e4 c5 2. Nf3 Nc6 3. c3 d6 4. d4 cxd4 5. cxd4 Bd7 6. Nc3 g6 7. Bc4 Bg7 8. O-O
Nh6 9. h3 O-O 10. Be3 Kh8 11. Qd2 Ng8 12. a3 a6 13. Rac1 b5 14. Ba2 Na5 15. b3
Rc8 16. Nd5 Nf6 17. Nxf6 Bxf6 18. Bh6 Bg7 19. Rxc8 Bxc8 20. Rc1 Be6 21. Bxg7+
Kxg7 22. d5 Bd7 23. Qd4+ Kg8 24. Qa7 Bc8 25. b4 Nc4 26. Bxc4 bxc4 27. Rxc4 e6
28. Nd4 exd5 29. Nc6 Qf6 30. exd5 Re8 31. Qd4 Kg7 32. a4 Qxd4 33. Rxd4 Re1+ 34.
Kh2 Rb1 35. Kg3 Bf5 36. f3 Bc2 37. Nb8 Bxa4 38. Nxa6 Bb5 39. Nc7 Bf1 40. Kf2
Kf6 41. Re4 Bd3 42. Ne8+ Kg5 43. Rg4+ Kh5 44. Nxd6 f5 45. Rd4 Rb2+ 46. Ke3 Bf1
47. g4+ fxg4 48. hxg4+ Kg5 49. Ne4+ Kh4 50. Kf4 Bb5 51. Rd1 Kh3 52. d6 Bd7 53.
Rh1+ Kg2 54. Rxh7 Bc6 55. d7 Bxd7 56. Rxd7 Rxb4 57. Rd2+ Kf1 58. Kg5 Ke1 59.
Ra2 Rb3 60. f4 Re3 61. Nf6 Rf3 62. Kxg6 Rxf4 63. g5 1-0

[Event "13. KUP SS OBZ"]
[Site "Valpovo"]
[Date "2020.02.23"]
[Round "4.2"]
[White "Berke, Ana"]
[Black "Damjanovic, Stjepan"]
[Result "1-0"]
[WhiteElo "2113"]
[BlackElo "1768"]
[PlyCount "93"]
[EventDate "2020.02.21"]
[WhiteTeam "ŠK BELIŠĆE, Belišće"]
[BlackTeam "ŠK AMATER, Strizivojna"]

1. d4 Nf6 2. Bf4 c5 3. c3 Qb6 4. Qb3 Nc6 5. dxc5 Qxc5 6. Nf3 e5 7. Be3 Qa5 8.
Bd2 Be7 9. Na3 O-O 10. e3 Bxa3 11. Qxa3 Qxa3 12. bxa3 d5 13. Bb5 Re8 14. O-O
Bd7 15. c4 d4 16. exd4 Nxd4 17. Nxd4 exd4 18. Rfd1 Bxb5 19. cxb5 Re5 20. a4 Rc8
21. h3 Rc4 22. a3 h6 23. Bb4 Nd5 24. Rac1 Nc3 25. Kf1 Nxd1 26. Rxc4 d3 27. Rd4
Rf5 28. Rd8+ Kh7 29. f3 Ne3+ 30. Kf2 Nd1+ 31. Kg3 Rg5+ 32. Kh2 Ne3 33. Rxd3
Rxg2+ 34. Kh1 Re2 35. Rd7 Nc4 36. Rxf7 Kg6 37. Rxb7 Ne5 38. Kg1 Nxf3+ 39. Kf1
Ra2 40. Rxa7 Nd4 41. b6 Kf5 42. Rxg7 Ke4 43. Rg4+ Kd5 44. Rxd4+ Kxd4 45. b7
Ra1+ 46. Kf2 Ra2+ 47. Kg3 1-0

[Event "13. KUP SS OBZ"]
[Site "Valpovo"]
[Date "2020.02.23"]
[Round "4.2"]
[White "Juric, Ester"]
[Black "Popovic, Bozidar"]
[Result "0-1"]
[WhiteElo "1599"]
[BlackElo "2206"]
[PlyCount "69"]
[EventDate "2020.02.21"]
[WhiteTeam "ŠK AMATER, Strizivojna"]
[BlackTeam "ŠK BELIŠĆE, Belišće"]

1. d4 Nf6 2. c4 c5 3. d5 e5 4. Nc3 d6 5. e3 Be7 6. Bd3 Nbd7 7. Nge2 Nf8 8. b3
Ng6 9. Bb2 a6 10. Ng3 Nh4 11. O-O g6 12. Rc1 O-O 13. h3 Nd7 14. e4 Bg5 15. Ra1
f5 16. exf5 gxf5 17. Qh5 h6 18. Nxf5 Rxf5 19. Bxf5 Nf6 20. Qd1 Bxf5 21. Bc1 Kh7
22. f4 exf4 23. Bxf4 Qd7 24. Bxg5 hxg5 25. Qd2 Kg6 26. g3 Bxh3 27. Rxf6+ Kxf6
28. gxh4 Qg4+ 29. Kh1 Qxh4 30. Qf2+ Qxf2 31. Ne4+ Ke5 32. Nxf2 Bf5 33. Rd1 b5
34. Rg1 Rh8+ 35. Kg2 0-1

[Event "13. KUP SS OBZ"]
[Site "Valpovo"]
[Date "2020.02.23"]
[Round "4.2"]
[White "Basrak, Srdjan"]
[Black "Mandaric, Fran"]
[Result "1/2-1/2"]
[WhiteElo "2210"]
[BlackElo "1574"]
[PlyCount "141"]
[EventDate "2020.02.21"]
[WhiteTeam "ŠK BELIŠĆE, Belišće"]
[BlackTeam "ŠK AMATER, Strizivojna"]

1. e4 c5 2. Nf3 Nc6 3. g3 g6 4. Nc3 Bg7 5. Bg2 Nf6 6. O-O O-O 7. d3 d6 8. Bg5
Be6 9. Qd2 Qd7 10. Bh6 Bh3 11. Bxh3 Qxh3 12. Bxg7 Kxg7 13. Ng5 Qh5 14. f4 Nd4
15. Kg2 h6 16. Nf3 g5 17. fxg5 hxg5 18. Nxg5 Nxc2 19. Rf5 Qh6 20. Qxc2 Ng4 21.
Qe2 Qxh2+ 22. Kf3 Ne5+ 23. Rxe5 Qxe2+ 24. Kxe2 dxe5 25. Rf1 e6 26. Nb5 Kg6 27.
Nf3 f6 28. Nh4+ Kf7 29. Nd6+ Ke7 30. Nxb7 Rg8 31. Nxc5 Rxg3 32. b4 a5 33. b5
Rc8 34. Rc1 Rg4 35. Nf3 Rg2+ 36. Ke3 Rxa2 37. b6 Rb2 38. b7 Rxb7 39. Nxb7 Rxc1
40. Nxa5 Rc2 41. Nc4 Ra2 42. Nfd2 Ra7 43. Nb1 Rc7 44. Nbd2 Rb7 45. Ke2 Rb5 46.
Nf3 Rc5 47. Kd2 Rb5 48. Kc3 Kd7 49. Ne3 Rc5+ 50. Kb4 Rc1 51. Nc4 Rb1+ 52. Kc5
Rd1 53. Nfd2 Rh1 54. Kb4 Rh3 55. Nb3 Ke7 56. Nc5 Rh5 57. Kb5 f5 58. exf5 exf5
59. Nxe5 f4 60. d4 Kd6 61. Ned3 f3 62. Kc4 Rh4 63. Nf2 Kc7 64. Kd5 Rh5+ 65. Ke4
Kc6 66. Ne6 Kd6 67. Nf4 Ra5 68. Kxf3 Ra4 69. Ne4+ Kc7 70. d5 Rd4 71. Ke3
1/2-1/2

[Event "13. KUP SS OBZ"]
[Site "Valpovo"]
[Date "2020.02.23"]
[Round "4.2"]
[White "Markovic, Marko"]
[Black "Huis, Dinko"]
[Result "0-1"]
[WhiteElo "1513"]
[BlackElo "2145"]
[PlyCount "50"]
[EventDate "2020.02.21"]
[WhiteTeam "ŠK AMATER, Strizivojna"]
[BlackTeam "ŠK BELIŠĆE, Belišće"]

1. d4 Nf6 2. c4 e6 3. e3 Bb4+ 4. Bd2 c5 5. a3 Bxd2+ 6. Qxd2 O-O 7. Nc3 cxd4 8.
exd4 d6 9. Nf3 b6 10. Be2 Bb7 11. O-O a6 12. Ne1 Nbd7 13. f4 Rc8 14. g4 Ne4 15.
Nxe4 Bxe4 16. Bd3 Bxd3 17. Nxd3 Rxc4 18. Nf2 Qa8 19. b3 Rc7 20. Nh3 Qd5 21. Qd3
Nc5 22. Qd1 Nxb3 23. Rb1 Nxd4 24. Rxb6 Rc2 25. Rf2 Ne2+ 0-1

[Event "13. KUP SS OBZ"]
[Site "Valpovo"]
[Date "2020.02.23"]
[Round "4.3"]
[White "Jeszenszky, Jozsef"]
[Black "Borzan, Andrej"]
[Result "1-0"]
[WhiteElo "2117"]
[BlackElo "1970"]
[PlyCount "43"]
[EventDate "2020.02.21"]
[WhiteTeam "ŠK DONJI MIHOLJAC, Donji Miholjac"]
[BlackTeam "ŠK FERIT-OSIJEK II, Osijek"]

1. e4 d6 2. d4 Nf6 3. f3 g6 4. c4 Bg7 5. Nc3 O-O 6. Be3 e5 7. Nge2 c6 8. Qd2
Re8 9. d5 Qc7 10. O-O-O cxd5 11. cxd5 b5 12. Kb1 a6 13. Rc1 Qa5 14. g4 Nbd7 15.
Ng3 Bb7 16. h4 Rac8 17. g5 Nh5 18. Nxh5 gxh5 19. Bh3 Re7 20. Ne2 Qxd2 21. Bxd2
Nc5 22. b4 1-0

[Event "13. KUP SS OBZ"]
[Site "Valpovo"]
[Date "2020.02.23"]
[Round "4.3"]
[White "Topalic, Fran"]
[Black "Roklicer, Heike"]
[Result "0-1"]
[WhiteElo "1756"]
[BlackElo "2020"]
[PlyCount "158"]
[EventDate "2020.02.21"]
[WhiteTeam "ŠK FERIT-OSIJEK II, Osijek"]
[BlackTeam "ŠK DONJI MIHOLJAC, Donji Miholjac"]

1. e4 c6 2. Nf3 d5 3. Nc3 dxe4 4. Nxe4 Nf6 5. Ng3 e6 6. d4 Nbd7 7. Be2 Bd6 8.
O-O Qc7 9. c4 b6 10. Qc2 Bb7 11. Rd1 O-O 12. b3 Rad8 13. Bb2 Rfe8 14. Ng5 h6
15. N5e4 Nxe4 16. Qxe4 c5 17. Qc2 cxd4 18. Bxd4 Be5 19. Bxe5 Nxe5 20. Qc3 Qc6
21. Bf1 Ng6 22. Nh5 e5 23. Qg3 Qe6 24. Bd3 e4 25. Be2 Qe5 26. Qxe5 Nxe5 27. Nf4
Kf8 28. h3 Ke7 29. Nd5+ Bxd5 30. cxd5 Kd6 31. Ba6 Re7 32. Rac1 Rc7 33. Rxc7
Kxc7 34. Kf1 Kd6 35. Ke2 Nd7 36. Ke3 Ke5 37. Bc4 Nf6 38. d6 Rxd6 39. Rxd6 Kxd6
40. Bxf7 Ke5 41. f4+ exf3 42. Kxf3 Nd7 43. Ke3 Nc5 44. Bg6 Ne6 45. Bh7 Nf4 46.
Be4 Ne6 47. Bh7 Kd6 48. Bf5 Nc7 49. Kd4 Nd5 50. Be4 Nf6 51. Bf5 Ne8 52. Bg6 Nc7
53. Bd3 Ne6+ 54. Ke3 Ke5 55. Be4 Nf4 56. Bf3 g5 57. Bc6 Ne6 58. Be4 Nd4 59. Bg6
Nb5 60. a4 Nd4 61. Bf7 a5 62. Bg8 Nc2+ 63. Kd2 Nb4 64. Ke3 Na6 65. Bh7 Nc5 66.
Bc2 Ne6 67. Bd3 Nf4 68. Bf1 h5 69. g3 Ne6 70. h4 gxh4 71. gxh4 Nd4 72. Bc4 Nf5+
73. Kf2 Nxh4 74. Bf7 Kd4 75. Bxh5 Kc3 76. Bf7 Nf5 77. Kf3 Kb4 78. Kf4 Nd4 79.
Ke3 Nxb3 0-1

[Event "13. KUP SS OBZ"]
[Site "Valpovo"]
[Date "2020.02.23"]
[Round "4.3"]
[White "Sos, Fran"]
[Black "Matota, Dominik"]
[Result "1/2-1/2"]
[WhiteElo "1990"]
[BlackElo "1776"]
[PlyCount "98"]
[EventDate "2020.02.21"]
[WhiteTeam "ŠK DONJI MIHOLJAC, Donji Miholjac"]
[BlackTeam "ŠK FERIT-OSIJEK II, Osijek"]

1. d4 Nf6 2. c4 g6 3. f3 d6 4. e4 Nbd7 5. Nc3 Bg7 6. Be3 O-O 7. Qd2 e5 8. Nge2
exd4 9. Nxd4 Ne5 10. Be2 c6 11. O-O-O Bd7 12. Bh6 Qc7 13. Bxg7 Kxg7 14. h3 d5
15. cxd5 cxd5 16. Kb1 dxe4 17. fxe4 Rfe8 18. Qf4 Qb6 19. Rhf1 Rac8 20. Nb3 a5
21. Nd5 Nxd5 22. Rxd5 Qe6 23. Nc5 Qe7 24. Rxe5 Qxe5 25. Qxe5+ Rxe5 26. Nxd7
Rxe4 27. Bf3 Re6 28. Rc1 Rxc1+ 29. Kxc1 b6 30. Kc2 f5 31. Kb3 Rd6 32. Ne5 g5
33. Nc4 Rg6 34. Ka4 g4 35. hxg4 fxg4 36. Bd5 h5 37. Bb7 h4 38. Kb5 h3 39. gxh3
gxh3 40. Nxb6 Rg2 41. Nc4 Kh8 42. Kxa5 Rg7 43. Bf3 Rg3 44. Bc6 Rg6 45. Be4 Rg5+
46. Kb4 h2 47. Kc3 Rg4 48. Bh1 Rg1 49. Bd5 Rg5 1/2-1/2